000
00340pam a2200157a 44500
008
230515b1999 xxu||||| |||| 00| 0 eng d
020
_a
1-56496-118-4
041
_a
ENG
082
_a
NULL
100
_a
SMITH N.
245
_a
SMALL SPACE LIVING,DESIGN
250
_a
0
260
_a
NULL
_b
NULL
_c
1999
300
_a
125
650
_a
NULL
999
_c
474952
_d
474952